00674nam a2200169 a 450000100100000000500170001000800410002704000250006808200150009310000340010824500720014226000710021430000210028504900090030695201720031599900170048700003301920200930065957.0110718s1937 dr 000 0 spa d aDO-SdBNPbspacBNPHU axxxxbU12r1 aUbaldo Gómez, Manuel95872710aResúmen de la historia de Santo Domingo /cManuel Ubaldo Gómez. aSantiago, República Dominicana :bImp. La Información ,c1937. a217 p. ;c21 cm. aBNPD 001050718RVaPDbPDcCTd2011-08-08iLF1l0oxxxx U12rp33019-10r2020-06-25w2020-06-25y1zPerteneció a la biblioteca personal de Martínez Boog.ZNo se presta c32510d32510